banner-ar

رحيق فى غربال رواية من الهند / (Record no. 39430)

MARC details
000 -الفاتح
حقل البيانات ثابتة الطول 00567nam a2200193Ia 4500
008 - عناصر البيانات ثابتة الطول - معلومات عامة
حقل البيانات ثابتة الطول 140319s9999 xx 000 0 ara d
040 ## - مصدر الفهرسة
وكالة الفهرسة الأصلية GCL /
وكالة النسخ GCL
082 04 - رقم تصنيف ديوى العشرى
رقم التصنيف 891.4
رقم المادة م ر
100 1# - المدخل الرئيسى - إسم شخصى
الإسم الشخصى احمد خليفة
245 10 - بيان العنوان
العنوان رحيق فى غربال رواية من الهند /
بيان المسئوليه,etc احمد خليفة
700 1# - المدخل الاضافى - اسم شخصى
الإسم الشخصى الياس خورى
700 1# - المدخل الاضافى - اسم شخصى
الإسم الشخصى ماركاندايا , كمالا
300 ## - الوصف المادى
التعداد 191 ص
490 ## - بيان السلسلة
عنوان السلسلة ذاكرة الشعوب
رقم المجلد/ التعيين التسلسلي 0
650 04 - المدخل الاضافى بالموضوع-مصطلح موضوعى
مصطلح موضوعي الادب الهندى
650 04 - المدخل الاضافى بالموضوع-مصطلح موضوعى
مصطلح موضوعي القصص الهندية
942 ## - عناصر المدخل الإضافي( كوها)
مصدر التصنيف او مخطط الترفيف Dewey Decimal Classification
Koha [default] item type كتاب
Holdings
حالة التراجع حالة الفقد حالة تلف ليس للاعارة المكان المؤقت الموقع الحالى تاريخ الاكتساب اجمالي اﻻعارات رقم الطلب الباركود تاريخ اخر مشاهدة تاريخ تفعيل السعر نوع وعاء كوها
        مكتبة القاهرة الكبرى مكتبة القاهرة الكبرى 03/26/2014   891.4\م ر 96453 03/26/2014 03/26/2014 كتاب

Powered By

EGPV